Từ điển thành ngữ, tục ngữ, ca dao VN - quyển hạ /

Đã lưu trong:
Bibliografiske detaljer
Hovedforfatter: Việt Chương
Format: Bog
Sprog:English
Udgivet: Đồng Nai, 2004.
Fag:
Tags: Tilføj Tag
Ingen Tags, Vær først til at tagge denne postø!
Thư viện lưu trữ: Mạng thư viện Đại học Đà Nẵng
LEADER 01067cam a22003131a 4500
001 000033017
003 9146
005 20231130151534.0
008 151016s2004 vm 000 eng
041 |a eng 
082 |a 495.923  |b VI-C 
100 |a Việt Chương 
245 0 |a Từ điển thành ngữ, tục ngữ, ca dao VN - quyển hạ /  |c Việt Chương. 
260 |a Đồng Nai,  |c 2004. 
300 |a 858tr. : mh ; 25 cm. 
650 |a Việt Chương, 2004, Từ điển, thành ngữ, tục ngữ, ca dao VN, quyển hạ 
852 |c Từ điền 1 
OWN |a LNN 
AVA |a UDN50  |b LNN  |d 495.923 VI-C  |e available  |t Error 5001 Not defined in file expand_doc_bib_avail.  |f 2  |g 0  |h N  |i 0 
999 |a From the UDN01 
AVA |a UDN50  |b LNN  |d 495.923 VI-C  |e available  |t Error 5001 Not defined in file expand_doc_bib_avail.  |f 2  |g 0  |h N  |i 0 
TYP |a Monograph 
980 |a Mạng thư viện Đại học Đà Nẵng